• 首页
  • 本馆介绍
  • 公告通知
  • 最新文献
  • 馆藏检索
  • 电子资源
  • 读者导购
  • 参考咨询
  • 我的图书馆
  • 登录
  • 详细信息显示
  • 放入我的书架
  • 预约/预借图书
  • 作者相关作品
  • 分类相关作品
  • 丛书相关作品
  • 出版社相关作品

书目信息

  • 表格格式
  • 工作单格式
  • 卡片格式
题名:
工程力学
    
 
作者: 景英锋 主编
分册:  
出版信息: 北京   北京邮电大学出版社  2021
页数: 261页
开本: 26cm
丛书名:
单 册:
中图分类: TB12
科图分类:
主题词: 工程力学--高等职业教育--教材
电子资源:
ISBN: 978-7-5635-6302-9
000 00813nam0 2200241 450
001 2335556741
005 20231103095324.34
010    @a978-7-5635-6302-9@dCNY49.80
100    @a20210527d2021 em y0chiy50 ea
101 0  @achi
102    @aCN@b110000
105    @aa z 000yy
200 1  @a工程力学@9gong cheng li xue@f景英锋主编
205    @a2版
210    @a北京@c北京邮电大学出版社@d2021
215    @a261页@c图,照片@d26cm
300    @a高等职业教育机械系列精品教材 “互联网+”创新型教材
330    @a本书分为理论力学、材料力学两篇,共八个模块,内容包括:刚体、平面力系、空间力系、扭转与弯曲、组合变形、压杆稳定、动载荷和交变应力等。
606 0  @a工程力学@x高等职业教育@j教材
690    @aTB12@v5
701  0 @a景英锋@9jing ying feng@4主编
801  0 @aCN@b91MARC@c20210808
905    @aBZT@dTB12@e11=2
    
    工程力学/景英锋主编.-2版.-北京:北京邮电大学出版社,2021
    261页:图,照片;26cm
    高等职业教育机械系列精品教材 “互联网+”创新型教材
    
    ISBN 978-7-5635-6302-9:CNY49.80
    本书分为理论力学、材料力学两篇,共八个模块,内容包括:刚体、平面力系、空间力系、扭转与弯曲、组合变形、压杆稳定、动载荷和交变应力等。
●
相关链接 在五车中查询图书 在当当中查询图书 在豆瓣中查询图书


正题名:工程力学     索取号:TB12/11=2         预约/预借

序号 登录号 条形码 馆藏地/架位号 状态 备注
1 2000942475   2000942475   安徽、中教混合/安徽时代(第一批)/148/ [索取号:TB12/11=2] 在馆    
2 2000942476   2000942476   安徽、中教混合/安徽时代(第一批)/148/ [索取号:TB12/11=2] 在馆    
3 2000942477   2000942477   安徽、中教混合/安徽时代(第一批)/148/ [索取号:TB12/11=2] 在馆    
4 2000942478   2000942478   安徽、中教混合/安徽时代(第一批)/148/ [索取号:TB12/11=2] 在馆    
5 2000942479   2000942479   安徽、中教混合/安徽时代(第一批)/148/ [索取号:TB12/11=2] 在馆    
6 2000942480   2000942480   安徽、中教混合/安徽时代(第一批)/148/ [索取号:TB12/11=2] 在馆    
山东省滨州职业学院图书馆 欢迎您!
大连网信软件有限公司© 版权所有